| 000 | 00568nam a2200193 a 4500 | ||
|---|---|---|---|
| 005 | 20260322212008.0 | ||
| 008 | data | ||
| 010 | _a70-094215 | ||
| 096 | _aWS 350 K954a 1970 | ||
| 100 | 1 |
_aKugelmass, I. Newton _d1896- _q(Isaac Newton), |
|
| 245 | 1 | 4 |
_aThe autistic child _cI. Newton Kugelmass. |
| 260 |
_aSpringfield, Ill. _bThomas _c 1970 |
||
| 300 |
_axii, 371 p. : _b illus. ; _c 24 cm. |
||
| 490 | 0 | _aAmerican lecture series, publication no. 766 | |
| 500 | _aIncludes bibliographies. | ||
| 650 | 0 | 2 | _aAutistic Disorder |
| 650 | 0 | 2 | _aSchizophrenia, Childhood |
| 001 | data | ||
| 999 |
_c159 _d159 |
||